Statistics for US States With The Highest Percentage Of Dominicans

Click here to take the quiz!

General Stats

  • This quiz has been taken 30 times
  • The average score is 12 of 15

Answer Stats

PercentageState% Correct
4.4New York
96%
1.2Florida
93%
2.5Massachusetts
93%
5.1Rhode Island
93%
1.1Connecticut
89%
.4Maryland
89%
3.4New Jersey
89%
.2North Carolina
89%
1.0Pennsylvania
89%
.3Georgia
86%
.4Delaware
79%
.2Virginia
79%
.6New Hampshire
75%
.2Nevada
61%
.3Alaska
43%

Score Distribution

Percentile by Number Answered

Percent of People with Each Score

Your Score History

You have not taken this quiz